Derecho Notarial : derecho documental, responsabilidad notarial /
Guardado en:
| Autor Principal: | |
|---|---|
| Formato: | Libro |
| Idioma: | Spanish |
| Publicado: |
Buenos Aires :
Zavalía,
2010.
|
| Edición: | 2ª ed. |
| Materias: | |
| Etiquetas: |
Agregar Etiqueta
Sin Etiquetas, Sea el primero en etiquetar este registro!
|
| LEADER | 00627nam a22001695a 4500 | ||
|---|---|---|---|
| 001 | DER.der013978 | ||
| 008 | 190905s2010####ag############000#0#spa#d | ||
| 005 | 20251020195521.0 | ||
| 245 | 1 | 0 | |a Derecho Notarial : |b derecho documental, responsabilidad notarial / |c Adriana Abella. |
| 250 | |a 2ª ed. | ||
| 260 | |a Buenos Aires : |b Zavalía, |c 2010. | ||
| 300 | |a 615 p. | ||
| 505 | 0 | |a Escrituras publicas -- Falsedad -- Actas notariales -- Simulación -- Ineficacia del acto -- Documento electrónico | |
| 020 | |a 97895905728312 | ||
| 100 | 1 | |a Abella, Adriana. | |
| 650 | 7 | |a DERECHOS REALES | |
| 859 | |a DERECHO |b BIB. DERECHO |h 347.016 |i ABE |k 2.09 |p 009131 |t 1 | ||
